Freie und Reichsstädte -mit Karte - Statistiken

Allgemein
  • Dieses Quiz wurde 261 mal gespielt
  • Das Durchschnittsergebnis liegt bei 35 aus 96
Antworten auf der Karte
Die Antworten werden auf der Karte rot bzw. grün angezeigt, abhängig davon wie oft sie richtig erraten wurden.
 
Antwortstatistiken
Stadt Ende des Status
% Korrekt
Hamburg 1806
95%
Bremen 1806
94%
Lübeck 1806
89%
Aachen 1794
88%
Köln 1794
86%
Frankfurt am Main 1806
81%
Nürnberg 1806
79%
Straßburg 1681
79%
Basel 1648
70%
Regensburg 1803
70%
Ulm 1803
69%
Augsburg 1805
68%
Freiburg im Üechtland 1648
67%
Zürich 1648
67%
Bern 1648
64%
Konstanz 1548
64%
Dortmund 1803
63%
Speyer 1792
61%
Worms 1792
61%
Metz 1648
58%
Duisburg 1290
57%
Lindau 1803
56%
Schwäbisch Hall 1803
55%
Buchhorn | Friedrichshafen 1803
52%
Kempten 1803
52%
Mülhausen | Mulhouse 1648
50%
Heilbronn 1803
49%
Schaffhausen 1648
49%
Münster im Gregorienthal 1648/97
48%
Ravensburg 1803
46%
Wirten | Verdun 1648
45%
Kaiserslautern 1313/14
44%
Luzern 1648
44%
Memmingen 1803
44%
Colmar 1648/97
43%
Mühlhausen 1803
42%
Reutlingen 1803
42%
Kaufbeuren 1803
41%
Aalen 1803
38%
Offenburg 1803
38%
Düren 1241
37%
Rothenburg ob der Tauber 1803
37%
Wetzlar 1803
37%
Esslingen am Neckar 1803
36%
Schweinfurt 1803
36%
St. Gallen 1648
34%
Verden 1648
34%
Goslar 1803
33%
Zug 1648
33%
Schwäbisch Gmünd 1803
32%
Nimwegen | Nijmegen 1247
31%
Dinkelsbühl 1803
29%
Donauwörth 1607
29%
Landau in der Pfalz 1648/97
29%
Neumarkt in der Oberpfalz 1268
29%
Rottweil 1803
29%
Weil der Stadt 1803
29%
Biberach an der Riß 1803
28%
Nördlingen 1803
28%
Weißenburg im Nordgau 1803
27%
Weißenburg | Wissembourg 1648/97
27%
Winterthur 1442
26%
Bisanz | Besançon 1664
25%
Isny 1803
25%
Überlingen 1803
25%
Solothurn 1648
24%
Wangen 1803
24%
Friedberg 1803
21%
Gelnhausen 1803
21%
Tull | Toul 1648
20%
Nordhausen 1803
19%
Schlettstadt | Sélestat 1648/97
19%
Herford 1652
18%
Rheinfelden 1330
18%
Hagenau | Haguenau 1648/97
16%
Leutkirch 1803
16%
Wimpfen 1803
15%
Kaiserswerth 1273
13%
Neuenburg am Rhein 1311
13%
Boppard 1309
12%
Kaisersberg | Kaysersberg 1648/97
12%
Bopfingen 1803
9%
Feuchtwangen 1803
8%
Pfullendorf 1803
7%
Zell am Harmersbach 1803
7%
Giengen an der Brenz 1803
6%
Oberehnheim | Obernai 1648/97
5%
Oppenheim 1398
5%
Buchau 1803
4%
Gengenbach 1803
4%
Türkheim | Turckheim 1648/97
4%
Endingen am Kaiserstuhl 1428
3%
Rosheim 1648/97
3%
Weinsberg 1417
3%
Windsheim 1803
3%
Markgröningen 1336
2%
Keine übereinstimmenden Quizze gefunden
Verteilung der Resultate
Anzahl Personen mit jedem Resultat
Perzentil nach korrekt beantworteten Fragen
Ihre Resultats-Entwicklung
Sie haben dieses Quiz noch nicht gespielt